00397nam a2200157Ia 4500008004100000020001500041082001300056100001500069245005600084250000800140260002700148300001200175500002500187650001200212700001500224230524s9999 xx 000 0 und d a8174013253 a415bCHA aJ.K. Chand 2aA Millennum Guide to Writting and speaking English a4TH aCUTTACKbFriendsc2004 aVII;480 aQuantity Number: 55 aEnglish a B. C. Das